| 000 | 00000nam 2200000zi 4500 |
| 001 | 9.941417 |
| 003 | CaOODSP |
| 005 | 20250106092205 |
| 006 | m o d f |
| 007 | cr cn||||||||| |
| 008 | 240802t20242024onca obs f000 0 fre d |
| 020 | |a9780660730103 |
| 040 | |aCaOODSP|bfre|erda|cCaOODSP |
| 043 | |an-cn--- |
| 086 | 1 |aHP35-189/2024F-PDF |
| 245 | 00|aActivité physique, comportements sédentaires et sommeil chez les enfants et les jeunes autistes : |bfaits saillants de l'Enquête canadienne sur la santé des enfants et des jeunes de 2019. |
| 264 | 1|a[Ottawa] : |bAgence de la santeĢ publique du Canada = Public Health Agency of Canada, |c[2024] |
| 264 | 4|c©2024 |
| 300 | |a1 ressource en ligne (4 pages non numérotées) : |billustrations en couleur |
| 336 | |atexte|btxt|2rdacontent/fre |
| 337 | |ainformatique|bc|2rdamedia/fre |
| 338 | |aressource en ligne|bcr|2rdacarrier/fre |
| 500 | |aPublié aussi en anglais sous le titre : Physical activity, sedentary behaviour and sleep in autistic children and youth: highlights from the 2019 Canadian Health Survey on Children and Youth. |
| 500 | |a« Pub.: 240424. » |
| 504 | |aComprend des références bibliographiques. |
| 650 | 6|aEnfants autistes|xSanté et hygiène|zCanada|vStatistiques. |
| 650 | 6|aJeunes autistes|xSanté et hygiène|zCanada|vStatistiques. |
| 655 | 7|aStatistiques|2rvmgf |
| 710 | 2 |aAgence de santé publique du Canada, |eorganisme de publication. |
| 775 | 08|tPhysical activity, sedentary behaviour and sleep in autistic children and youth : |w(CaOODSP)9.941416 |
| 856 | 40|qPDF|s341 Ko|uhttps://publications.gc.ca/collections/collection_2025/aspc-phac/HP35-189-2024-fra.pdf |
| 856 | 4 |qHTML|sS.O.|uhttps://www.canada.ca/fr/sante-publique/services/publications/maladies-et-affections/activite-physique-comportements-sedentaires-sommeil-enfants-jeunes-autistes-enquete-sante-canadienne-faits-saillants-2019.html |